| Tag |
First Indicator |
Second Indicator |
Subfields |
| LEADER |
00000cam a2200000 i 4500 |
| 001 |
in00003582016 |
| 005 |
20170928132848.0 |
| 008 |
150324t20162016caua b 001 0 eng |
| 010 |
|
|
|a 2015011814
|
| 020 |
|
|
|a 9781483377964
|q paperback
|q alkaline paper
|
| 020 |
|
|
|a 1483377962
|q paperback
|q alkaline paper
|
| 035 |
|
|
|a (OCoLC)ocn899229906
|
| 040 |
|
|
|a DLC
|e rda
|c DLC
|d UtOrBLW
|
| 049 |
|
|
|a TXAM
|
| 050 |
0 |
0 |
|a QA278
|b .S37 2016
|
| 082 |
0 |
0 |
|a 519.5/3502855133
|2 23
|
| 100 |
1 |
|
|a Schumacker, Randall E.,
|e author.
|0 http://id.loc.gov/authorities/names/n95066190
|
| 245 |
1 |
0 |
|a Using R with multivariate statistics /
|c Randall E. Schumacker, University of Alabama.
|
| 264 |
|
1 |
|a Thounsand Oaks, California :
|b SAGE Publications,
|c [2016]
|
| 264 |
|
4 |
|c ©2016
|
| 300 |
|
|
|a xxi, 383 pages :
|b illustrations ;
|c 24 cm.
|
| 336 |
|
|
|a text
|b txt
|2 rdacontent
|
| 337 |
|
|
|a unmediated
|b n
|2 rdamedia
|
| 338 |
|
|
|a volume
|b nc
|2 rdacarrier
|
| 504 |
|
|
|a Includes bibliographical references and index.
|
| 650 |
|
0 |
|a Multivariate analysis
|x Data processing.
|0 http://id.loc.gov/authorities/subjects/sh2010102641
|
| 650 |
|
0 |
|a R (Computer program language)
|0 http://id.loc.gov/authorities/subjects/sh2002004407
|
| 650 |
|
0 |
|a Statistics
|x Data processing.
|0 http://id.loc.gov/authorities/subjects/sh85127583
|
| 945 |
|
|
|a PromptCat
|b 289315
|
| 946 |
|
|
|a stk
|
| 947 |
|
|
|a A14842892417
|
| 948 |
|
|
|a cataloged
|b h
|c 2015/8/25
|d c
|e dmitchel
|f 8:50:40 am
|
| 994 |
|
|
|a C0
|b TXA
|
| 999 |
f |
f |
|s 8ac5ef68-e252-346b-a43e-44f9ed7912c0
|i 8ac96649-75c4-3bab-939f-11983d1fbfd4
|t 0
|
| 952 |
f |
f |
|p normal
|a Texas A&M University
|b College Station
|c Sterling C. Evans Library
|d Evans: Library Stacks
|t 0
|e QA278 .S37 2016
|h Library of Congress classification
|i unmediated -- volume
|m A14842892417
|
| 998 |
f |
f |
|a QA278 .S37 2016
|t 0
|l Evans: Library Stacks
|